| 000 | 00452nam a2200133Ia 4500 | ||
|---|---|---|---|
| 008 | 220216s9999 xx 000 0 und d | ||
| 100 | _aMydin K.K. | ||
| 245 | 0 | _aGenetic divergence, prepotency and inbreeding depression in Para rubber (Hevea brasiliensis Muell. Arg.) | |
| 260 |
_bPh.D. Thesis, Kerala Agricultural University, Trichur, India, 351 p. _c1992 |
||
| 650 | _aBreeding | ||
| 650 | _aGenetic diversity | ||
| 650 | _aPrepotency | ||
| 942 | _cBS | ||
| 999 |
_c49366 _d49366 |
||